00301nam a2200121Ia 4500008004100000041000800041082001200049100002000061245004000081260003200121300001900153365000700172240624s9999 xx 000 0 und d aeng a158 COV aCOVEY STEPHEN R a7 HABITS OF HIGHLY EFFECTIVE PEOPLE c2004aLondonbPockets Books a372 : cm. ; 20 cRS